000 00631nam a2200241Ia 4500
003 OSt
005 20220918201929.0
006 a|||||r|||| 00| 0
007 ta
008 220917b |||||||| |||| 00| 0 eng d
024 _a97,544
037 _cTextual
040 _aARTS
_cARTS
_beng
041 _2eng
_aeng
082 _aV2:25:N7z7, L2
100 _aPathak G S
_9101369
245 0 _aSome reflection on the civil revolution in India
260 _c1972
490 _aMotilal Nehru memorial lecture; 2
650 _aHISTORY
942 _hV2:25:N7z7, L2
_cTEXL
_2CC
999 _c221139
_d221139